| 000 | 00692cam a22002054a 4500 | ||
|---|---|---|---|
| 020 | _a0072946520 (alk. paper) | ||
| 040 | _cDLC | ||
| 082 | 0 | 0 | _a005 HIL 2006 A006 Or. |
| 100 | 1 | _aWu, C. Thomas. | |
| 245 | 1 | 3 | _aAn introduction to object-oriented programming with Java / |
| 246 | 3 | 0 | _aJava |
| 250 | _a4th ed. | ||
| 260 |
_aBoston : _bMcGraw-Hill, _cc2006. |
||
| 300 |
_axxvi, 950 p. : _bill. (some col.) ; _c24 cm. |
||
| 650 | 0 | _aObject-oriented programming (Computer science) | |
| 650 | 0 | _aJava (Computer program language) | |
| 856 | 4 | 1 | _uhttp://www.loc.gov/catdir/toc/ecip0419/2004015241.html |
| 856 | 4 | 2 | _uhttp://www.loc.gov/catdir/enhancements/fy0616/2004015241-d.html |
| 942 | _cEK | ||
| 999 |
_c11922 _d11922 |
||